Shortest Words A-Z - Statistics

General Stats
  • This quiz has been taken 74 times
  • The average score is 22 of 26
Answer Stats
Hint Answer % Correct
A a
100%
B ba | be | bi | bo | by
100%
D da | de | do
99%
F fa | fe
96%
H ha | he | hi | hm | ho
96%
I I
96%
C caa | cab | cad | caf | cag | cal | cam | can | cap | car | cat | caw | cay | caz | cee | cel | cep | cha | che | chi | cid | cig | cis | cit | cly | cob | cod | cog | col | con | coo | cop | cor | cos | cot | cow | cox | coy | coz | cru | cry | cub | cud | cue | cum | cup | cur | cut | cuz | cwm
94%
E ed | ef | eh | el | em | en | er | es | et | ew | ex
94%
G gi | go
94%
J jo
94%
M ma | me | mi | mm | mo | mu | my
94%
N na | ne | no | nu
94%
O od | oe | of | oh | oi | ok | om | on | op | or | os | ow | ox | oy
94%
P pa | pe | pi | po
91%
K ka | ki
88%
L la | li
88%
S sh | si | so
81%
T ta | te | ti | to
79%
U uh | um | un | up | us | ut
75%
R re
73%
Q qi
66%
V vac | vae | vag | van | var | vas | vat | vau | vav | vaw | vax | vee | veg | vet | vex | via | vig | vie | vig | vim | vin | vis | vly | voe | vog | vol | vom | vor | vow | vox | vug | vum
66%
W we | wo
66%
Y ya | ye | yo
58%
X xi | xu
45%
Z za
45%
No matching quizzes found
Score Distribution
Percent of People with Each Score
Percentile by Number Answered
Your Score History
You have not taken this quiz